Top 21 popularité personnages Dragon Ball (DB / DBZ / DBS) - Statistiques

Statistiques générales
  • Ce quiz a été pris 4 222 fois
  • Le résultat moyen est 14 sur 21
Statistiques - réponses
Place Vote Personnages % Correct
1 26,6% Son Goku
100%
2 16,5% Vegeta
100%
3 9,3% Son Gohan
97%
8 2,4% Freezer
91%
10 1,8% Trunks
90%
4 6,8% Piccolo
88%
11 1,8% Cell
86%
15 1% Krillin
84%
14 1,1% Beerus
76%
12 1,8% Yamcha
71%
13 1,3% Jiren
64%
7 3,1% C-17
63%
21 0,2% Chi-Chi
63%
5 6,6% Broly
59%
16 0,9% Ten Shin Han
45%
17 0,5% Mr. Satan
43%
6 4,7% Goku Black
39%
9 2,1% Hit
37%
20 0,3% Bardock
30%
19 0,4% Gotenks
28%
18 0,5% Majin Buu
23%
Aucun quiz correspondant
Distribution des résultats
% des personnes avec chaque résultat
Percentile par nombre de réponses
Votre historique - résultats
Vous n’avez pas pris ce quiz